000
00303nam a2200097Ia 4500
008
220204s9999 xx 000 0 und d
082
_a
641:061
_b
PRO
245
0
_a
Proceedings of the association of food technologists for 1963. V 4
260
_a
Mysore
_b
Association of Food technologists
_c
1963
942
_c
BK
999
_c
22286
_d
22286